Priveľa prívlastkov, alebo, Kam z konopí

Bibliographic Details
Main Author: Bystrický, Ľubor, 1948- (Author)
Format: Article
Language:Slovak
ISSN:1335-2342
Subjects:

MARC

LEADER 00000nab a2200000 a 4500
001 vtls000718536
003 SK-MaSNL
005 20260303201105.0
008 180206c2000 xo 0 slo
015 |a SNBRB2000/04-09701 
035 |a CLN000070703 
040 |a SNKBUCL  |b slo  |c SNKBUCL  |e AACR2 
041 0 |a slo 
044 |a xo  |c SK 
080 |a 323(437.6)  |2 UDC-MRF-SK2 
080 |a 329(437.6)  |2 UDC-MRF-SK2 
080 |a 329.7(437.6)HZDS  |2 UDC-MRF-SK2 
100 1 |a Bystrický, Ľubor,  |d 1948-  |4 aut  |9 38752 
245 1 0 |a Priveľa prívlastkov, alebo, Kam z konopí  |c Ľubor Bystrický 
610 2 7 |a Hnutie za demokratické Slovensko  |2 snkbucl  |9 14440 
650 0 7 |a strany politické  |z Slovensko  |x boje mocenské  |2 snkbucl  |9 915582 
651 7 |a Slovensko  |x politika vnútorná  |x boje mocenské  |2 snkbucl  |9 867467 
655 7 |a články z novín a časopisov  |2 snkbucl  |9 267496 
773 0 |x 1335-2342  |t Dilema  |g Č. 3 (2000), s. 36-39 
850 |a Slovenská národná knižnica v Martine 
852 |a SNK  |b KIS3GCP 
958 |a RBX 
999 |c 2171821  |d 2173751